[Event "VII Cto. de España Abierto Zona Sur"]
[Site "Almeria (España)"]
[Date "2007.09.03"]
[Round "1.1"]
[White "Vega Gutierrez, Belinda Vidina"]
[Black "Llanes Hurtado, Miguel"]
[Result "1-0"]
[WhiteElo "2098"]
[BlackElo "2446"]
[PlyCount "131"]
[EventDate "2007.09.??"]
[EventType "swiss"]
[EventRounds "7"]
[EventCountry "ESP"]

1. e4 c5 2. Nf3 Nc6 3. d4 cxd4 4. Nxd4 g6 5. Nc3 Bg7 6. Nb3 Nf6 7. Bc4 O-O 8.
O-O d6 9. Re1 b6 10. Nd5 Bb7 11. c3 Rc8 12. Bf1 e6 13. Nxf6+ Bxf6 14. Bf4 Ne5
15. Nd4 Be7 16. Bg3 a6 17. Qe2 Qc7 18. Rad1 b5 19. f4 Nd7 20. Qf2 e5 21. Nb3
Nf6 22. Bd3 exf4 23. Bxf4 Ng4 24. Qg3 Ne5 25. Nd4 Rfe8 26. Kh1 Bf8 27. Bb1 Kh8
28. Bg5 Bg7 29. Qh4 Qd7 30. Rf1 Qg4 31. Qxg4 Nxg4 32. Rxf7 Bxe4 33. h3 Ne3 34.
Bxe3 Bxb1 35. Rxb1 Rxe3 36. Rd1 Be5 37. Rf3 Re4 38. Rfd3 Re8 39. Nf3 Bg3 40.
Kg1 h5 41. R3d2 g5 42. Rf1 g4 43. hxg4 hxg4 44. Nd4 Bf4 45. Rd3 g3 46. Nf5 R8e6
47. Rdf3 Be5 48. Nxg3 Rg4 49. Nf5 Kh7 50. Rh3+ Kg6 51. Rh6+ Kf7 52. Nxd6+ Ke7
53. Nf5+ Kf7 54. Ng7+ Kxg7 55. Rxe6 Bf4 56. Kf2 Bg3+ 57. Ke2 Bh4 58. Rg1 a5 59.
g3 Bf6 60. Kf3 Rc4 61. Rd1 Kf7 62. Rb6 b4 63. cxb4 axb4 64. Rd7+ Ke8 65. Rh7
Bd8 66. Rbb7 1-0

[Event "VII Cto. de España Abierto Zona Sur"]
[Site "Almeria (España)"]
[Date "2007.09.03"]
[Round "1.2"]
[White "Campos Gambuti, Luis Maria"]
[Black "Spitzer Isbert, Ramon"]
[Result "1-0"]
[WhiteElo "2425"]
[BlackElo "2097"]
[PlyCount "75"]
[EventDate "2007.09.??"]
[EventType "swiss"]
[EventRounds "7"]
[EventCountry "ESP"]

1. d4 Nf6 2. Nf3 g6 3. g3 Bg7 4. Bg2 O-O 5. O-O d6 6. a4 c6 7. Nbd2 Bf5 8. Nh4
Bg4 9. h3 Be6 10. e4 Na6 11. c3 Qc8 12. Kh2 c5 13. d5 Bd7 14. Nc4 Nc7 15. e5
Nfe8 16. Re1 Rb8 17. Bf4 dxe5 18. Nxe5 Nd6 19. Qc1 Re8 20. Bh6 Bf6 21. Bf4 Qd8
22. Ng4 Bxg4 23. hxg4 Bg7 24. Rd1 Na6 25. Qe3 Qb6 26. Qe2 Rbd8 27. Nf3 Nb8 28.
g5 Nd7 29. Bh3 c4 30. Be3 Qc7 31. Bd4 Bxd4 32. Bxd7 Qxd7 33. Rxd4 Qf5 34. Kg2
e5 35. dxe6 Rxe6 36. Qd2 Kg7 37. Rd5 Qg4 38. Rh1 1-0

[Event "VII Cto. de España Abierto Zona Sur"]
[Site "Almeria (España)"]
[Date "2007.09.03"]
[Round "1.3"]
[White "Canabate Carmona, Francisco"]
[Black "Teran Alvarez, Ismael"]
[Result "0-1"]
[WhiteElo "2093"]
[BlackElo "2398"]
[PlyCount "67"]
[EventDate "2007.09.??"]
[EventType "swiss"]
[EventRounds "7"]
[EventCountry "ESP"]

1. c4 Nf6 2. Nc3 e5 3. g3 Bb4 4. Bg2 Bxc3 5. bxc3 O-O 6. d3 Re8 7. e4 c6 8. Ne2
d5 9. cxd5 cxd5 10. O-O dxe4 11. dxe4 Qa5 12. Be3 Be6 13. Qb1 Qa6 14. Nc1 Nbd7
15. Nb3 Rac8 16. Qb2 Rc7 17. Rfe1 Rec8 18. Bd2 Nb6 19. Bf1 Qa4 20. c4 Nxc4 21.
Bxc4 Rxc4 22. Qxe5 Rxe4 23. Rxe4 Qxe4 24. Qxe4 Nxe4 25. Be3 b6 26. Nd4 Bd7 27.
a4 a6 28. Rb1 b5 29. axb5 Nc3 30. Rc1 axb5 31. Kf1 b4 32. Ke1 Ra8 33. Rc2 Ra1+
34. Kd2 0-1

[Event "VII Cto. de España Abierto Zona Sur"]
[Site "Almeria (España)"]
[Date "2007.09.03"]
[Round "1.4"]
[White "Mascaro March, Pedro"]
[Black "De Nacimiento Montano, Angel"]
[Result "1-0"]
[WhiteElo "2390"]
[BlackElo "1999"]
[PlyCount "43"]
[EventDate "2007.09.??"]
[EventType "swiss"]
[EventRounds "7"]
[EventCountry "ESP"]

1. d4 g6 2. c4 Bg7 3. Nc3 c5 4. d5 Bxc3+ 5. bxc3 f5 6. e4 fxe4 7. f3 Qa5 8. Qc2
Nf6 9. fxe4 Nxe4 10. Bd3 Nf6 11. Nf3 d6 12. O-O Nbd7 13. Bf4 Qc7 14. Rae1 Nh5
15. Bxg6+ hxg6 16. Qxg6+ Kd8 17. Ng5 Nf8 18. Nf7+ Kd7 19. Rxe7+ Kxe7 20. Bg5+
Kd7 21. Ne5+ dxe5 22. Rf7+ 1-0

[Event "VII Cto. de España Abierto Zona Sur"]
[Site "Almeria (España)"]
[Date "2007.09.03"]
[Round "1.5"]
[White "De Nacimiento Montano, Antonio"]
[Black "Vega Gutierrez, Sabrina Neide"]
[Result "0-1"]
[WhiteElo "1992"]
[BlackElo "2321"]
[PlyCount "52"]
[EventDate "2007.09.??"]
[EventType "swiss"]
[EventRounds "7"]
[EventCountry "ESP"]

1. e4 c5 2. Nf3 Nc6 3. d4 cxd4 4. Nxd4 Nf6 5. Nc3 e5 6. Ndb5 d6 7. Bg5 a6 8.
Na3 b5 9. Bxf6 gxf6 10. Nd5 Bg7 11. c3 f5 12. exf5 Bxf5 13. Nc2 O-O 14. Nce3
Be6 15. Bd3 f5 16. Bc2 Ne7 17. Nxe7+ Qxe7 18. Qh5 e4 19. O-O-O b4 20. Nd5 Bxd5
21. Rxd5 bxc3 22. Rxf5 Qb7 23. Bb3+ Kh8 24. f3 e3 25. Re1 Qb4 26. Re2 Rfc8 0-1

[Event "VII Cto. de España Abierto Zona Sur"]
[Site "Almeria (España)"]
[Date "2007.09.03"]
[Round "1.6"]
[White "Ferrer Sanchez, Pedro J"]
[Black "Rodriguez Guerrero, Angela"]
[Result "1-0"]
[WhiteElo "2314"]
[BlackElo "1981"]
[PlyCount "79"]
[EventDate "2007.09.??"]
[EventType "swiss"]
[EventRounds "7"]
[EventCountry "ESP"]

1. e4 d5 2. exd5 Nf6 3. d4 Bg4 4. Be2 Bxe2 5. Qxe2 Qxd5 6. Nf3 Nc6 7. O-O O-O-O
8. Be3 e6 9. c4 Qh5 10. Nc3 h6 11. Rfd1 g5 12. d5 exd5 13. cxd5 Nb4 14. Bd4 g4
15. Bxf6 gxf3 16. Qxf3 Qxf3 17. gxf3 Rg8+ 18. Kf1 Rd6 19. Be5 Rdg6 20. a3 Nd3
21. Bg3 Nxb2 22. Rdc1 Nd3 23. Rc2 f5 24. Ke2 Nc5 25. Nb5 a6 26. Nxc7 Rxg3 27.
Ne6 Rh3 28. Nxf8 Rxf8 29. Rxc5+ Kd7 30. Rb1 Re8+ 31. Kf1 Kd6 32. Ra5 Rxh2 33.
Rxb7 Rg8 34. Rb6+ Ke5 35. d6+ Kf4 36. d7 Kxf3 37. Rxf5+ Ke4 38. Re6+ Kxf5 39.
Re8 Rh1+ 40. Ke2 1-0

[Event "VII Cto. de España Abierto Zona Sur"]
[Site "Almeria (España)"]
[Date "2007.09.03"]
[Round "1.7"]
[White "Diaz Sanchez, Jose Francisco"]
[Black "Fernandez Siles, Luis"]
[Result "0-1"]
[WhiteElo "1978"]
[BlackElo "2310"]
[PlyCount "82"]
[EventDate "2007.09.??"]
[EventType "swiss"]
[EventRounds "7"]
[EventCountry "ESP"]

1. e4 Nf6 2. e5 Nd5 3. d4 d6 4. Nf3 Bg4 5. Be2 e6 6. c4 Nb6 7. exd6 cxd6 8. Nc3
Be7 9. O-O O-O 10. Be3 Nc6 11. b3 d5 12. c5 Nc8 13. b4 a6 14. a3 Bf6 15. Rc1
N8e7 16. h3 Bxf3 17. Bxf3 Nf5 18. Ne2 Bg5 19. Bxg5 Qxg5 20. Qd3 Rad8 21. g3 Qf6
22. Rcd1 Nfxd4 23. Nxd4 Nxd4 24. Bg2 Nc6 25. Qb3 Rd7 26. a4 Rc8 27. Rfe1 a5 28.
bxa5 Nxa5 29. Qb5 Nc6 30. a5 Ra8 31. Ra1 Qc3 32. Rec1 Rxa5 33. Qxa5 Qxa5 34.
Rxa5 Nxa5 35. Ra1 Nc6 36. Ra8+ Rd8 37. Ra3 Kf8 38. Rb3 Rd7 39. f4 Rc7 40. Rc3
Nb8 41. Bf1 Nd7 0-1

[Event "VII Cto. de España Abierto Zona Sur"]
[Site "Almeria (España)"]
[Date "2007.09.03"]
[Round "1.8"]
[White "Camacho Collados, Jose"]
[Black "Sampalo Lainz, Francisco"]
[Result "1-0"]
[WhiteElo "2269"]
[BlackElo "1962"]
[PlyCount "83"]
[EventDate "2007.09.??"]
[EventType "swiss"]
[EventRounds "7"]
[EventCountry "ESP"]

1. e4 c5 2. Nf3 d6 3. d4 cxd4 4. Nxd4 Nf6 5. Nc3 a6 6. Be2 e5 7. Nb3 Be7 8. O-O
Be6 9. Kh1 O-O 10. f4 Nbd7 11. f5 Bxb3 12. axb3 Rc8 13. Be3 Rxc3 14. bxc3 Nxe4
15. c4 Ndf6 16. Bf3 Qc7 17. g4 h6 18. Qe2 d5 19. cxd5 Nc3 20. Qc4 Rc8 21. Qxc7
Rxc7 22. Rae1 e4 23. Bf4 Rd7 24. Be5 Nfxd5 25. Bxe4 Bh4 26. Bg3 Bg5 27. Bxd5
Rxd5 28. Rf3 Nd1 29. Rd3 Rxd3 30. cxd3 Nc3 31. Re8+ Kh7 32. Rb8 b5 33. Ra8 Nd5
34. Rxa6 h5 35. gxh5 Ne3 36. Rb6 Nxf5 37. Rxb5 Nxg3+ 38. hxg3 Be3 39. Re5 Bd4
40. Re7 Kh6 41. Rxf7 Kxh5 42. b4 1-0

[Event "VII Cto. de España Abierto Zona Sur"]
[Site "Almeria (España)"]
[Date "2007.09.03"]
[Round "1.9"]
[White "Martinez Rubi, Alberto"]
[Black "Figuero Toro, Julian"]
[Result "1/2-1/2"]
[WhiteElo "1960"]
[BlackElo "2254"]
[PlyCount "138"]
[EventDate "2007.09.??"]
[EventType "swiss"]
[EventRounds "7"]
[EventCountry "ESP"]

1. e4 c5 2. Nf3 Nc6 3. d4 cxd4 4. Nxd4 Nf6 5. Nc3 e5 6. Ndb5 d6 7. Nd5 Nxd5 8.
exd5 Ne7 9. c4 Nf5 10. Be2 Be7 11. O-O O-O 12. Kh1 Nh4 13. f4 a6 14. Nc3 exf4
15. Bxf4 Ng6 16. Be3 f5 17. b4 a5 18. bxa5 Bf6 19. Bb6 Qe7 20. Rc1 Be5 21. Bd4
$11 Rxa5 22. Bxe5 Nxe5 23. Qd2 Bd7 24. Nb5 Rfa8 25. Rc2 b6 26. Nd4 g6 27. Re1
Ra3 28. Nf3 Ng4 29. Bf1 Qf6 30. h3 Ne5 31. Nxe5 dxe5 32. Re3 Qd6 33. Rxa3 Rxa3
34. Rb2 Qc5 35. Qb4 Ra6 36. Qxc5 bxc5 37. Rb7 Be8 38. Re7 Kf8 39. Rxe5 Rxa2 40.
Kh2 Rd2 41. d6 Rxd6 42. Rxc5 Bc6 43. Re5 Kf7 44. c5 Rd4 45. Re1 Rd2 46. Rc1 Kf6
47. Ra1 Ke5 48. Ra7 f4 49. Kg1 f3 50. gxf3 Kf4 51. Rxh7 Bxf3 52. Rg7 g5 53.
Rf7+ Kg3 54. Rg7 g4 55. c6 Rh2 56. Rxg4+ Bxg4 57. hxg4 Rc2 58. g5 Rxc6 59. Bd3
Rd6 60. Bf1 Rg6 61. Bd3 Rxg5 62. Kf1 Re5 63. Ba6 Kf3 64. Bb7+ Ke3 65. Ba8 Ra5
66. Bb7 Ra7 67. Bc6 Rf7+ 68. Kg1 Rc7 69. Ba8 Kf4 1/2-1/2

[Event "VII Cto. de España Abierto Zona Sur"]
[Site "Almeria (España)"]
[Date "2007.09.03"]
[Round "1.10"]
[White "Sanchez Botella, Luis Javier"]
[Black "Lupion Linares, Mariano"]
[Result "1-0"]
[WhiteElo "2244"]
[BlackElo "1947"]
[PlyCount "107"]
[EventDate "2007.09.??"]
[EventType "swiss"]
[EventRounds "7"]
[EventCountry "ESP"]

1. Nf3 d5 2. c4 e6 3. d4 Nf6 4. Bg5 c6 5. Nc3 Nbd7 6. e3 Qa5 7. Nd2 Bb4 8. Qc2
O-O 9. Be2 dxc4 10. Bxf6 Nxf6 11. Nxc4 Bxc3+ 12. bxc3 Qc7 13. O-O c5 14. Rfc1
Bd7 15. Ne5 Rac8 16. Qb2 Rfd8 17. Bf3 b6 18. h4 Be8 19. a4 Nd5 20. h5 f6 21.
Nd3 c4 22. Bxd5 Rxd5 23. Nf4 Ra5 24. h6 e5 25. Ne6 Qf7 26. Nxg7 Bd7 27. Qc2
exd4 28. cxd4 Rg5 29. f4 Rg6 30. Nf5 Rc6 31. d5 Rc5 32. Rd1 Kh8 33. Qe4 Bxf5
34. Qxf5 Qg8 35. Ra2 Rxh6 36. g4 Rg6 37. Rg2 c3 38. e4 a6 39. Qd7 Qb8 40. d6 b5
41. axb5 axb5 42. Qe7 c2 43. Rc1 Rg7 44. Qxf6 Qc8 45. f5 Rc3 46. Qd4 b4 47.
Qxb4 Rb7 48. Qd4+ Kg8 49. Qd5+ Kf8 50. Kh2 Qd8 51. g5 Rb1 52. Rcxc2 Rxc2 53.
Rxc2 Qxg5 54. Rc8+ 1-0

[Event "VII Cto. de España Abierto Zona Sur"]
[Site "Almeria (España)"]
[Date "2007.09.03"]
[Round "1.11"]
[White "Moral Garcia, Serafin"]
[Black "Delgado Palomeque, Marco A"]
[Result "0-1"]
[WhiteElo "1907"]
[BlackElo "2232"]
[PlyCount "44"]
[EventDate "2007.09.??"]
[EventType "swiss"]
[EventRounds "7"]
[EventCountry "ESP"]

1. e4 e6 2. d4 d5 3. Nd2 Nc6 4. Ngf3 Nf6 5. e5 Nd7 6. c3 f6 7. exf6 Qxf6 8. Bd3
Bd6 9. O-O O-O 10. Qc2 h6 11. Re1 Kh8 12. Nf1 e5 13. dxe5 Ndxe5 14. Be2 Bg4 15.
N1d2 Rae8 16. Rf1 Ng6 17. Qa4 Nf4 18. Bd1 Bh3 19. g3 Bxf1 20. Kxf1 Qf5 21. gxf4
Qh3+ 22. Kg1 Rxf4 0-1

[Event "VII Cto. de España Abierto Zona Sur"]
[Site "Almeria (España)"]
[Date "2007.09.03"]
[Round "1.12"]
[White "Morales Camacho, Julian"]
[Black "Barranco Cara, Francisco Javier"]
[Result "1-0"]
[WhiteElo "2232"]
[BlackElo "1887"]
[PlyCount "39"]
[EventDate "2007.09.??"]
[EventType "swiss"]
[EventRounds "7"]
[EventCountry "ESP"]

1. Nf3 d6 2. e4 c5 3. d4 cxd4 4. Nxd4 Nf6 5. Nc3 a6 6. f4 e6 7. Qf3 Qc7 8. g4
Nc6 9. Nxc6 bxc6 10. g5 Nd7 11. Bd2 d5 12. O-O-O Be7 13. h4 Rb8 14. h5 Qb7 15.
b3 Ba3+ 16. Kb1 Nc5 17. h6 g6 18. Qe3 a5 19. exd5 cxd5 20. Nb5 1-0

[Event "VII Cto. de España Abierto Zona Sur"]
[Site "Almeria (España)"]
[Date "2007.09.03"]
[Round "1.13"]
[White "Munoz Nortes, Jose Antonio"]
[Black "Barrenechea Bahamonde, Gustavo"]
[Result "0-1"]
[WhiteElo "1865"]
[BlackElo "2220"]
[PlyCount "74"]
[EventDate "2007.09.??"]
[EventType "swiss"]
[EventRounds "7"]
[EventCountry "ESP"]

1. d4 Nf6 2. Nf3 c5 3. d5 b5 4. Bg5 d6 5. e3 a6 6. h3 Nbd7 7. Be2 g6 8. O-O Bg7
9. c3 Bb7 10. c4 bxc4 11. Bxc4 Nb6 12. Nc3 O-O 13. Qb3 Nxc4 14. Qxc4 h6 15. Bh4
Rb8 16. Rab1 Bc8 17. a3 a5 18. Rfd1 Nd7 19. Qd3 g5 20. Bg3 f5 21. h4 f4 22.
exf4 gxf4 23. Bh2 Rb3 24. Qd2 Ne5 25. Nxe5 Bxe5 26. Qc2 Qb6 27. f3 Bf5 28. Ne4
Rxb2 29. Rxb2 Qxb2 30. Qa4 Bd4+ 31. Kh1 Bxe4 32. fxe4 f3 33. gxf3 Qe2 34. Rg1+
Bxg1 35. Bxg1 Qxf3+ 36. Kh2 Qg4 37. Qc2 Rf3 0-1

[Event "VII Cto. de España Abierto Zona Sur"]
[Site "Almeria (España)"]
[Date "2007.09.03"]
[Round "1.14"]
[White "Sabater Sanchez, Asensio"]
[Black "Aleman Alamo, Nicolas"]
[Result "1-0"]
[WhiteElo "2173"]
[BlackElo "1788"]
[PlyCount "89"]
[EventDate "2007.09.??"]
[EventType "swiss"]
[EventRounds "7"]
[EventCountry "ESP"]

1. d4 Nf6 2. Bg5 e6 3. e4 Be7 4. Bd3 h6 5. Bh4 d6 6. Nd2 b6 7. c3 Bb7 8. Ne2
Nbd7 9. O-O e5 10. Rc1 O-O 11. b4 a6 12. Bg3 Nh5 13. a3 c6 14. Nc4 a5 15. dxe5
Nxg3 16. Nxg3 dxe5 17. Nf5 axb4 18. axb4 b5 19. Na5 Rb8 20. Qg4 Bg5 21. Rcd1 g6
22. Nd6 Ba8 23. Bc2 Qc7 24. Bb3 c5 25. Nxf7 Nf6 26. Nxh6+ Kg7 27. Qxg5 Bxe4 28.
f3 c4 29. fxe4 Nxe4 30. Qg4 Qb6+ 31. Kh1 Rxf1+ 32. Rxf1 Nf2+ 33. Rxf2 Qxf2 34.
Qd1 Rd8 35. Qg1 Qf4 36. Bd1 Rd2 37. Ng4 e4 38. h3 Rd3 39. Be2 Rd2 40. Qf1 Qd6
41. Ne3 Kg8 42. Bxc4+ bxc4 43. Naxc4 Qd3 44. Nxd2 Qxd2 45. Qc4+ 1-0

[Event "VII Cto. de España Abierto Zona Sur"]
[Site "Almeria (España)"]
[Date "2007.09.03"]
[Round "1.15"]
[White "Ruiz Hervias, Ezequiel"]
[Black "Urbina Perez, Juan Antonio"]
[Result "0-1"]
[WhiteElo "1757"]
[BlackElo "2163"]
[PlyCount "82"]
[EventDate "2007.09.??"]
[EventType "swiss"]
[EventRounds "7"]
[EventCountry "ESP"]

1. d4 Nf6 2. Nf3 e6 3. e3 b6 4. b3 Be7 5. Bd3 Bb7 6. Bb2 d5 7. Nbd2 c5 8. O-O
O-O 9. Ne5 Nc6 10. f4 Rc8 11. a3 Na5 12. Qe2 Ne4 13. Ndf3 f6 14. Ng4 c4 15.
bxc4 Nxc4 16. Bc1 Bd6 17. Nf2 Nxf2 18. Qxf2 e5 19. Bf5 Rc6 20. Qh4 h6 21. Be6+
Kh8 22. Bxd5 Rc7 23. Be6 e4 24. Ne1 Qe7 25. f5 Bc8 26. d5 Bxe6 27. fxe6 Be5 28.
Rb1 Qd6 29. Qxe4 Rd8 30. Qg4 Qxd5 31. Nd3 Re8 32. Nf4 Bxf4 33. Qxf4 Qe5 34. Qd4
Qxe6 35. Rb5 Ne5 36. c3 Qc4 37. Rd5 Qxc3 38. Rd8 Rxd8 39. Qxd8+ Kh7 40. Qd6 Nd3
41. Bd2 Qxd2 0-1

[Event "VII Cto. de España Abierto Zona Sur"]
[Site "Almeria (España)"]
[Date "2007.09.04"]
[Round "2.1"]
[White "Morales Camacho, Julian"]
[Black "Campos Gambuti, Luis Maria"]
[Result "0-1"]
[WhiteElo "2232"]
[BlackElo "2425"]
[PlyCount "89"]
[EventDate "2007.09.??"]
[EventType "swiss"]
[EventRounds "7"]
[EventCountry "ESP"]

1. e4 e6 2. d4 d5 3. e5 c5 4. c3 Nc6 5. Nf3 Bd7 6. Bd3 cxd4 7. cxd4 Qb6 8. Bc2
Nb4 9. Nc3 Nxc2+ 10. Qxc2 Ne7 11. O-O Nf5 12. Rd1 Rc8 13. Qd2 Bb4 14. a3 Be7
15. Qd3 h5 16. Rb1 Rc4 17. Be3 a5 18. b3 Rc8 19. a4 Rg8 20. Ne2 g5 21. Ng3 h4
22. Nh5 g4 23. Nd2 Rh8 24. Nf6+ Bxf6 25. exf6 Rg8 26. Nf1 Qd8 27. Rdc1 Bc6 28.
Bf4 Qxf6 29. Be5 Qg5 30. Ne3 Ne7 31. Bd6 Ng6 32. g3 Kd7 33. Ba3 Rh8 34. b4 axb4
35. Rxb4 Rh5 36. Qe2 f5 37. a5 hxg3 38. fxg3 f4 39. Nxg4 fxg3 40. hxg3 Rch8 41.
Rxc6 Rh1+ 42. Kg2 R1h2+ 43. Nxh2 Nf4+ 44. Kf3 Nxe2 45. Ng4 0-1

[Event "VII Cto. de España Abierto Zona Sur"]
[Site "Almeria (España)"]
[Date "2007.09.04"]
[Round "2.2"]
[White "Teran Alvarez, Ismael"]
[Black "Sabater Sanchez, Asensio"]
[Result "1/2-1/2"]
[WhiteElo "2398"]
[BlackElo "2173"]
[PlyCount "154"]
[EventDate "2007.09.??"]
[EventType "swiss"]
[EventRounds "7"]
[EventCountry "ESP"]

1. d4 d5 2. Nf3 Nc6 3. c4 Bg4 4. Nc3 e6 5. cxd5 exd5 6. Bf4 Bxf3 7. gxf3 Bd6 8.
Bg3 Nge7 9. e3 O-O 10. a3 Nf5 11. Bd3 Nfe7 12. Nb5 Bxg3 13. hxg3 g6 14. Qc2 a6
15. Nc3 b5 16. Kf1 Qd6 17. Kg2 Kg7 18. Ne2 Nd8 19. Rh4 Ne6 20. Rah1 Rh8 21. Qc3
Qc6 22. Qd2 h5 23. f4 f5 24. Ng1 Nd8 25. Nf3 Nf7 26. Rc1 Qd7 27. Rhh1 c6 28.
Qa5 Rhc8 29. Rc2 Qd8 30. Qc3 Kg8 31. Rhc1 Qd6 32. Ne5 Nxe5 33. fxe5 Qd7 34. Qc5
Kf7 35. Qd6 Qe6 36. f3 Rd8 37. Qc7 Qd7 38. Qa5 Kg7 39. Rf2 Rf8 40. Bb1 Rh8 41.
Qb4 Rad8 42. Rh1 Rhf8 43. Kf1 Qa7 44. Ke2 a5 45. Qd2 a4 46. Rc1 Qd7 47. Rg2 Rh8
48. Rh2 Rdf8 49. Qb4 Rd8 50. Qc5 Rhf8 51. Rg1 Rh8 52. Bd3 Qe6 53. Kd2 Qd7 54.
Kc1 Kf7 55. Kb1 Rb8 56. Qb4 Rbd8 57. Rgh1 Kg7 58. Rh4 Qe6 59. Qc5 Qd7 60. Rg1
Kf7 61. Rgh1 Kg7 62. Ka2 Qe6 63. R1h2 Qd7 64. g4 hxg4 65. Rxh8 Rxh8 66. Rxh8
Kxh8 67. Qd6 Qe8 68. fxg4 fxg4 69. Qf6+ Kg8 70. Qg5 Qd7 71. Be2 Qe6 72. Bxg4
Qf7 73. Bd7 Kg7 74. Qg4 Qf1 75. Qh4 Qc4+ 76. Kb1 Qd3+ 77. Ka2 Qb3+ 1/2-1/2

[Event "VII Cto. de España Abierto Zona Sur"]
[Site "Almeria (España)"]
[Date "2007.09.04"]
[Round "2.3"]
[White "Barrenechea Bahamonde, Gustavo"]
[Black "Mascaro March, Pedro"]
[Result "0-1"]
[WhiteElo "2220"]
[BlackElo "2390"]
[PlyCount "93"]
[EventDate "2007.09.??"]
[EventType "swiss"]
[EventRounds "7"]
[EventCountry "ESP"]

1. e4 c5 2. Nf3 d6 3. c3 Nf6 4. Be2 e6 5. O-O Nc6 6. Qc2 Bd7 7. d4 cxd4 8. cxd4
d5 9. e5 Ne4 10. Nbd2 Rc8 11. Qb1 Nxd2 12. Bxd2 Qb6 13. Rc1 Nxd4 14. Rxc8+ Bxc8
15. Nxd4 Qxd4 16. Qc2 Bd7 17. Bb5 Qc5 18. Bxd7+ Kxd7 19. Qb3 Qb6 20. Qa4+ Qc6
21. Qg4 Qc4 22. Qf3 Be7 23. Rc1 Qxa2 24. Qxf7 Qxb2 25. Bg5 Re8 26. Qxg7 h5 27.
h4 a5 28. Qh7 Qxe5 29. Rb1 Qc7 30. Qf7 a4 31. Bf4 Qc6 32. Rc1 Rf8 33. Qxh5 Rxf4
34. Rxc6 bxc6 35. g3 Rf8 36. Qe2 Ra8 37. Qb2 Kc7 38. Qg7 Kd7 39. Qb2 Kc7 40.
Qe5+ Bd6 41. Qg7+ Kb6 42. Qb2+ Kc7 43. Qg7+ Kb6 44. h5 a3 45. h6 e5 46. Qg5 a2
47. Qe3+ 0-1

[Event "VII Cto. de España Abierto Zona Sur"]
[Site "Almeria (España)"]
[Date "2007.09.04"]
[Round "2.4"]
[White "Vega Gutierrez, Sabrina Neide"]
[Black "Barrios Munoz, Rafael Carlos"]
[Result "1-0"]
[WhiteElo "2321"]
[BlackElo "2146"]
[PlyCount "86"]
[EventDate "2007.09.??"]
[EventType "swiss"]
[EventRounds "7"]
[EventCountry "ESP"]

1. e4 d6 2. d4 Nf6 3. Nc3 e5 4. Nge2 Be7 5. f3 c6 6. Be3 b5 7. dxe5 dxe5 8.
Qxd8+ Bxd8 9. a4 b4 10. Nb1 Bb6 11. Kf2 Be6 12. a5 Bxe3+ 13. Kxe3 Na6 14. Nc1
Nc5 15. Nd2 Ke7 16. a6 Rhd8 17. Ra5 Nfd7 18. Bc4 f6 19. Nd3 Nxd3 20. cxd3 Nb6
21. Bxe6 Kxe6 22. Rc1 Rd6 23. Nb3 Rad8 24. Nc5+ Ke7 25. g3 g5 26. f4 gxf4+ 27.
gxf4 exf4+ 28. Kxf4 Rg8 29. Nb7 Rxd3 30. Rxc6 Rg2 31. e5 f5 32. Rh6 Rd4+ 33.
Ke3 Re4+ 34. Kf3 Rxb2 35. Rxh7+ Kf8 36. Nc5 Nc4 37. Rb5 Nxe5+ 38. Kg3 f4+ 39.
Kh4 Rxh2+ 40. Kg5 Rxh7 41. Rb8+ Kf7 42. Nxe4 f3 43. Rb7+ Kg8 1-0

[Event "VII Cto. de España Abierto Zona Sur"]
[Site "Almeria (España)"]
[Date "2007.09.04"]
[Round "2.5"]
[White "Urbina Perez, Juan Antonio"]
[Black "Ferrer Sanchez, Pedro J"]
[Result "1/2-1/2"]
[WhiteElo "2163"]
[BlackElo "2314"]
[PlyCount "143"]
[EventDate "2007.09.??"]
[EventType "swiss"]
[EventRounds "7"]
[EventCountry "ESP"]

1. e4 c5 2. Nf3 d6 3. Bb5+ Bd7 4. Bxd7+ Qxd7 5. O-O Nc6 6. b3 Nf6 7. Re1 g6 8.
Bb2 Bg7 9. d4 cxd4 10. Nxd4 O-O 11. c4 Rfc8 12. Nc3 Qd8 13. Nd5 Nd7 14. Qd2 Nc5
15. Rad1 a5 16. Nb5 Ne5 17. Bxe5 Bxe5 18. Qe3 Bg7 19. f4 Nd7 20. a4 Ra6 21. Qh3
e6 22. Ne3 Qe7 23. f5 Nc5 24. Ng4 h5 25. Nf2 Be5 26. Nd3 Nxd3 27. Rxd3 Kg7 28.
fxe6 fxe6 29. Nd4 Re8 30. Nf3 Bf4 31. Qh4 Qxh4 32. Nxh4 Rb6 33. Nf3 Kf6 34. Nd4
Ke7 35. Nb5 Be5 36. Rf1 Rf8 37. Rxf8 Kxf8 38. g3 Ke7 39. Kf2 Rc6 40. Ke2 Rc8
41. Rf3 Rh8 42. h3 g5 43. Rf1 g4 44. Rh1 Bxg3 45. hxg4 h4 46. Nd4 Rg8 47. Kf3
Rf8+ 48. Ke3 Bf2+ 49. Kd3 Rf4 50. g5 d5 51. cxd5 exd5 52. Nf5+ Ke6 53. Ng7+ Kf7
54. Nh5 Rxe4 55. Nf6 Re3+ 56. Kd2 Rxb3 57. Nxd5 Kg6 58. Nc3 Be3+ 59. Kc2 Rb4
60. Nd5 Rc4+ 61. Kd3 Rd4+ 62. Kxe3 Rxd5 63. Rxh4 Kxg5 64. Rh7 b6 65. Rb7 Rd6
66. Rf7 Kg6 67. Rf1 Rd5 68. Ke4 Rh5 69. Rb1 Rh4+ 70. Kd5 Rxa4 71. Rxb6+ Kf5 72.
Ra6 1/2-1/2

[Event "VII Cto. de España Abierto Zona Sur"]
[Site "Almeria (España)"]
[Date "2007.09.04"]
[Round "2.6"]
[White "Fernandez Siles, Luis"]
[Black "Pareja Perez, Juan Luis"]
[Result "1-0"]
[WhiteElo "2310"]
[BlackElo "2131"]
[PlyCount "83"]
[EventDate "2007.09.??"]
[EventType "swiss"]
[EventRounds "7"]
[EventCountry "ESP"]

1. d4 Nf6 2. c4 e6 3. Nc3 d5 4. cxd5 exd5 5. Bg5 c6 6. e3 Be6 7. Bd3 h6 8. Bh4
Be7 9. Nf3 Qb6 10. Qc2 Na6 11. a3 O-O 12. O-O Rac8 13. Na4 Qd8 14. Bxa6 bxa6
15. b4 a5 16. Nc5 Bd7 17. Rfb1 axb4 18. axb4 Ra8 19. Nxd7 Nxd7 20. Bxe7 Qxe7
21. Qxc6 Nb6 22. Qc5 Qe6 23. Rc1 Rfc8 24. Qb5 Nc4 25. Qa6 Qf5 26. h3 Rcb8 27.
Qc6 Rc8 28. Qb7 Rcb8 29. Qe7 Re8 30. Qc7 Rec8 31. Qg3 Re8 32. Ra6 Re6 33. Rxe6
Qxe6 34. Qc7 Qb6 35. Qc5 Rb8 36. Qxd5 Na3 37. Ne5 Qe6 38. Qa5 Nb5 39. Nc6 Rb6
40. d5 Qd6 41. e4 f6 42. Rc5 1-0

[Event "VII Cto. de España Abierto Zona Sur"]
[Site "Almeria (España)"]
[Date "2007.09.04"]
[Round "2.7"]
[White "Galvez Extremera, Francisco"]
[Black "Camacho Collados, Jose"]
[Result "0-1"]
[WhiteElo "2140"]
[BlackElo "2269"]
[PlyCount "54"]
[EventDate "2007.09.??"]
[EventType "swiss"]
[EventRounds "7"]
[EventCountry "ESP"]

1. e4 e5 2. Nf3 Nf6 3. Nxe5 d6 4. Nc4 Nxe4 5. Nc3 Nf6 6. d4 Be7 7. Bd3 O-O 8.
O-O c6 9. a4 Na6 10. Ne3 Nb4 11. Bf5 Re8 12. Qf3 Bf8 13. Bd2 g6 14. Bxc8 Rxc8
15. Ne2 d5 16. Ng3 Ne4 17. Bxb4 Bxb4 18. Ng4 f5 19. Nh6+ Kg7 20. Nhxf5+ gxf5
21. Nxf5+ Kh8 22. c3 Bf8 23. Rad1 Rc7 24. Rd3 Re6 25. Qf4 Rf7 26. Rh3 Qg5 27.
Qb8 Qxf5 0-1

[Event "VII Cto. de España Abierto Zona Sur"]
[Site "Almeria (España)"]
[Date "2007.09.04"]
[Round "2.8"]
[White "Cuesta Bustos, Raul"]
[Black "Sanchez Botella, Luis Javier"]
[Result "1/2-1/2"]
[WhiteElo "2128"]
[BlackElo "2244"]
[PlyCount "77"]
[EventDate "2007.09.??"]
[EventType "swiss"]
[EventRounds "7"]
[EventCountry "ESP"]

1. e4 c5 2. d4 cxd4 3. c3 dxc3 4. Nxc3 Nc6 5. Nf3 e6 6. Bc4 d6 7. O-O Nf6 8.
Qe2 Be7 9. Bg5 O-O 10. Rfd1 e5 11. h3 Be6 12. Rd2 Rc8 13. Bb5 Ne8 14. Be3 Qa5
15. Nd5 Bd8 16. Rc2 a6 17. Bc4 Bxd5 18. Bxd5 Nf6 19. Bd2 Qa4 20. b3 Nd4 21. Qd3
Nxf3+ 22. Qxf3 Qd7 23. Rxc8 Qxc8 24. Rc1 Qd7 25. Qd3 Bb6 26. Bb4 g6 27. Bxd6
Re8 28. Bc5 Nxd5 29. exd5 Bxc5 30. Rxc5 Rd8 31. Qc4 Kg7 32. Qc3 Qd6 33. b4 b6
34. Rc6 Qxd5 35. Rxb6 Qd1+ 36. Kh2 Qd4 37. Qc5 Qf4+ 38. g3 Qe4 39. Rd6 1/2-1/2